LEADER 00716nam a2200193 i 4500 001 991004281035907536 005 20230628132321.0 008 200212s1925 it e 000 0 ita c 040 $aBibl. Dip.le Aggr. Scienze Economia - Sez. Settore Economico 082 0 $a657.$222 100 1 $aSpinedi, Sabino.$4aut.$0332055 245 00$aManuale di computisteria :$bteoria e pratica delle operazioni commerciali e finanziarie /$cSabino Spinedi. 250 $a9. ed. riveduta , 32°-33°-34° migliaio 260 $aTorino :$bCasanova,$c1925 300 $a464 p., [1] c. di tav. ripieg. :$btab. ;$c23 cm 650 7$aComputisteria 912 $a991004281035907536 996 $aManuale di computisteria$9435696 997 $aUNISALENTO LEADER 01631oam 2200469M 450 001 9910715835703321 005 20191123063222.8 035 $a(CKB)5470000002515729 035 $a(OCoLC)1066019342 035 $a(OCoLC)995470000002515729 035 $a(EXLCZ)995470000002515729 100 $a20070221d1858 ua 0 101 0 $aeng 135 $aurcn||||||||| 181 $ctxt$2rdacontent 182 $cc$2rdamedia 183 $acr$2rdacarrier 200 10$aAbram Staples. (To accompany Bill H.R. No. 607.) May 29, 1858 210 1$a[Washington, D.C.] :$c[publisher not identified],$d1858. 215 $a1 online resource (1 page) 225 1 $aHouse report / 35th Congress, 1st session. House ;$vno. 469 225 1 $a[United States congressional serial set ] ;$v[serial no. 968] 300 $aBatch processed record: Metadata reviewed, not verified. Some fields updated by batch processes. 300 $aFDLP item number not assigned. 517 $aAbram Staples. 606 $aBounties, Military 606 $aInheritance and succession 606 $aLand tenure 607 $aUnited States$xHistory$yRevolution, 1775-1783 608 $aLegislative materials.$2lcgft 615 0$aBounties, Military. 615 0$aInheritance and succession. 615 0$aLand tenure. 701 $aFenton$b Reuben E$g(Reuben Eaton),$f1819-1885$pRepublican (NY)$01394588 801 0$bWYU 801 1$bWYU 801 2$bOCLCO 801 2$bOCLCQ 906 $aBOOK 912 $a9910715835703321 996 $aAbram Staples. (To accompany Bill H.R. No. 607.) May 29, 1858$93471127 997 $aUNINA